Enfoque generalizado del desarrollo por medio de enlaces, con referencia especial a los productos básicos (Registro nro. 24355)

Detalles MARC
000 -LEADER
fixed length control field 00406 a2200109 4500
001 - CONTROL NUMBER
control field ART_8510
005 - DATE AND TIME OF LATEST TRANSACTION
control field 20260410161844.0
008 - FIXED-LENGTH DATA ELEMENTS--GENERAL INFORMATION
fixed length control field 260409a
100 1# - MAIN ENTRY--PERSONAL NAME
Personal name Hirschman, Albert O.
245 10 - TITLE STATEMENT
Title Enfoque generalizado del desarrollo por medio de enlaces, con referencia especial a los productos básicos
773 0# - HOST ITEM ENTRY
Title El trimestre económico
Related parts - Vol. XLIV, Nº 173 (ene./mar. 1977)
Record control number REV6933

No hay ítems disponibles.